Yüklüyor......

Origin of medical terms

Detaylı Bibliyografya
Asıl Yazarlar: Alun, Henry, Henry Alan Skinner
Materyal Türü: Printed Book
Dil:Undetermined
Baskı/Yayın Bilgisi: Baltimore 1949
The williams and wilkins company
Konular:
LEADER 00692nam a2200241Ia 4500
008 141122s9999 xx 000 0 und d
040 |c . 
041 |a English 
082 |a 636.089 
082 |b SKI/OR 
100 |a  Alun  
100 |a  Henry  
100 |a Henry Alan Skinner  
245 |a Origin of medical terms  
245 |c Henry Alan Skinner  
260 |b Baltimore  
260 |b The williams and wilkins company  
260 |c 1949 
300 |a 377 Pages 
650 |a Veterinary medicine 
942 |c BK 
999 |c 11291  |d 11291 
952 |0 0  |1 0  |4 0  |6 636_089000000000000_SKIOR  |7 0  |9 11181  |a COVAS  |b COVAS  |d 0000-00-00  |l 1  |o 636.089 SKI/OR  |p 1793  |r 2018-08-14  |s 2018-08-14  |w 2014-11-26  |y BK